Name a Major Chinese City A-Z - Statistics

General Stats
  • This quiz has been taken 193 times
  • The average score is 16 of 22
Answer Stats
City % Correct
B Beijing | Baotou | Baoding | Bengbu | Baoji | Benxi
99%
S Shanghai | Shenyang | Shantou | Shijiazhuang | Shaoyang | Suqian | Suzhou
97%
X Xiamen | Xi'an | Xuzhou | Xiangyang | Xiangtan | Xingtai | Xinxiang | Xining
96%
G Guangzhou | Guiyang | Guilin | Ganzhou
95%
H Hangzhou | Hong Kong | Harbin | Hefei | Huizhou | Haikou | Huainan | Huai'an | Hohhot | Hengyang | Handan | Huaibei
95%
C Chengdu | Chongqing | Changsha | Changchun | Changzhou | Cixi | Changde | Chifeng | Changshu
93%
W Wuhan | Wenzhou | Wuxi | Weifang | Wuhu | Weihai | Wanzhou
92%
T Tianjin | Taiyuan | Tangshan | Taizhou | Tai'an | Tengzhou
89%
N Nanjing | Nanchang | Nanning | Ningbo | Nantong | Nanchong | Nanyang
86%
U Ürümqi
84%
D Dalian | Daqing | Datong
79%
F Fuzhou | Fuyang
78%
Q Qingdao | Qinhuangdao | Qiqihar | Qingyuan
76%
Z Zhengzhou | Zibo | Zhuhai | Zhangjiakou | Zhanjiang | Zhuzhou | Zhenjiang
74%
J Jinan | Jiangyin | Jiaozuo | Jilin | Jining | Jingzhou | Jinzhou
70%
K Kunming | Kaifeng
70%
L Lanzhou | Liuzhou | Luoyang | Linyi | Lianyungang
64%
Y Yantai | Yangzhou | Yiwu | Yinchuan | Yancheng | Yichang | Yibin | Yingkou
56%
A Anshan
37%
P Putian | Pingxiang
22%
M Mianyang | Maoming | Ma'anshan
21%
R Rizhao
20%
No matching quizzes found
Score Distribution
Percent of People with Each Score
Percentile by Number Answered
Your Score History
You have not taken this quiz